000 00673nam a2200205Ii 4500
003 JO-AjNU
008 230605s9999||||xx |||||||||||||| ||und||
040 _aJO-AjNU
_bara
_erda
_cJO-AjNU
041 _aara
050 1 4 _aBF575.H8222.2004
100 3 _aتقديم القرضاوي، يوسف ,
_eauthor
_936261
245 0 0 _aالحب الاول
250 _aط1
264 3 1 _aبيروت:الدار العربية للعلوم، 2004
300 _a166ص
336 _atext
_btxt
_2rdacontent
337 _aunmediated
_bn
_2rdamedia
338 _avolume
_bnc
_2rdacarrier
650 4 _aالحب-علم نفس-الشباب والانترنت-مشاكل وحلول
_936262
999 _aA15049
_c18617
_d18617